<?xml version="1.0" encoding="UTF-8"?><?xml-stylesheet type="text/xsl" href="static/style.xsl"?><OAI-PMH xmlns="http://www.openarchives.org/OAI/2.0/" xmlns:xsi="http://www.w3.org/2001/XMLSchema-instance" xsi:schemaLocation="http://www.openarchives.org/OAI/2.0/ http://www.openarchives.org/OAI/2.0/OAI-PMH.xsd"><responseDate>2026-04-17T01:36:03Z</responseDate><request verb="GetRecord" identifier="oai:www.recercat.cat:2072/457608" metadataPrefix="marc">https://recercat.cat/oai/request</request><GetRecord><record><header><identifier>oai:recercat.cat:2072/457608</identifier><datestamp>2026-03-21T03:34:31Z</datestamp><setSpec>com_2072_98</setSpec><setSpec>col_2072_378192</setSpec></header><metadata><record xmlns="http://www.loc.gov/MARC21/slim" xmlns:dcterms="http://purl.org/dc/terms/" xmlns:xsi="http://www.w3.org/2001/XMLSchema-instance" xmlns:doc="http://www.lyncode.com/xoai" xsi:schemaLocation="http://www.loc.gov/MARC21/slim http://www.loc.gov/standards/marcxml/schema/MARC21slim.xsd">
   <leader>00925njm 22002777a 4500</leader>
   <datafield ind2=" " ind1=" " tag="042">
      <subfield code="a">dc</subfield>
   </datafield>
   <datafield ind2=" " ind1=" " tag="720">
      <subfield code="a">Pau, Manel</subfield>
      <subfield code="e">author</subfield>
   </datafield>
   <datafield ind2=" " ind1=" " tag="260">
      <subfield code="c">2021</subfield>
   </datafield>
   <datafield ind2=" " ind1=" " tag="520">
      <subfield code="a">Timothy Williamson defensa que la filosofia és una ciència teòrica que s'ocupa d'investigar sobre la realitat, d'obtenir coneixement, i que ho fa construint teories, confrontant-les amb l'evidència, d'una manera sistemàtica, disciplinada i socialment organitzada, com les altres ciències. En aquest article es compara aquesta posició, d'una banda, amb la que considera que la filosofia és una reflexió de segon ordre sobre la ciència, la moral, la política, l'art…; i, de l'altra, amb la concepció de la filosofia com a guia de la vida, com a recerca de la saviesa pràctica.</subfield>
   </datafield>
   <datafield ind2=" " ind1=" " tag="520">
      <subfield code="a">Timothy Williamson argues that philosophy is a theoretical science that deals with researching reality and obtaining knowledge, and that it does so by constructing theories and confronting them with evidence, in a systematic, disciplined and socially organised way, like the other sciences. This article compares this position, on the one hand, with the view that considers philosophy to be a second-order reflection on science, morality, politics, art etc.; and also, with the conception of philosophy as a guide to life, a search for practical wisdom.</subfield>
   </datafield>
   <datafield ind2=" " ind1=" " tag="520">
      <subfield code="a">Timothy Williamson defiende que la filosofía es una ciencia teórica que se ocupa de investigar sobre la realidad, de obtener conocimiento, y que lo hace construyendo teorías, confrontándolas con la evidencia, de una manera sistemática, disciplinada y socialmente organizada, como las otras ciencias. En este artículo se compara esta posición, por un lado, con la que considera que la filosofía es una reflexión de segundo orden sobre la ciencia, la moral, la política, el arte…; y, por otro lado, con la concepción de la filosofía como guía de la vida, como investigación de la sabiduría práctica.</subfield>
   </datafield>
   <datafield tag="653" ind2=" " ind1=" ">
      <subfield code="a">Timothy Williamson</subfield>
   </datafield>
   <datafield tag="653" ind2=" " ind1=" ">
      <subfield code="a">Filosofia de la filosofia</subfield>
   </datafield>
   <datafield tag="653" ind2=" " ind1=" ">
      <subfield code="a">Reflexió de segon ordre</subfield>
   </datafield>
   <datafield tag="653" ind2=" " ind1=" ">
      <subfield code="a">Saviesa pràctica</subfield>
   </datafield>
   <datafield tag="653" ind2=" " ind1=" ">
      <subfield code="a">Philosophy of philosophy</subfield>
   </datafield>
   <datafield tag="653" ind2=" " ind1=" ">
      <subfield code="a">Second-order reflection</subfield>
   </datafield>
   <datafield tag="653" ind2=" " ind1=" ">
      <subfield code="a">Practical wisdom</subfield>
   </datafield>
   <datafield tag="653" ind2=" " ind1=" ">
      <subfield code="a">Filosofía de la filosofía</subfield>
   </datafield>
   <datafield tag="653" ind2=" " ind1=" ">
      <subfield code="a">Reflexión de segundo orden</subfield>
   </datafield>
   <datafield tag="653" ind2=" " ind1=" ">
      <subfield code="a">Sabiduría práctica</subfield>
   </datafield>
   <datafield ind2="0" ind1="0" tag="245">
      <subfield code="a">La filosofia com a ciència teòrica : la proposta de Timothy Williamson</subfield>
   </datafield>
</record></metadata></record></GetRecord></OAI-PMH>